000 00737nam a22002417a 4500
005 20170124110258.0
010 _aA-410176
020 _c70.00
035 _aA-410176
037 _bCen Lib/Ret
040 _aDPL
_bEN
082 _a500
_bRAI
100 _aRaizada
_920698
245 _aBookhive's new pattern IIT-JEE, roorkee /
_cby Raizada, S. K. Malhotra [and] J. K. Batra
260 _aNew Delhi
_bCosmos Book Company
_c1990
270 _bCosmos Book Company
_aNew Delhi
300 _avarious pagings
_c22cm(Hb)
650 _aEntrance book -- IIT-JEE
_9143071
650 _aApptitude test book
_998280
700 _aMalhotra, S. K.
_9137556
700 _aBatra, J. K
_920701
942 _2ddc
_cEN
_h500
_mRAI
999 _c136353
_d136353